000 00474nam a2200181 i 4500
001 34560
003 ES-MaACL
005 20230906154944.0
007 t|
008 030207s1967 sp ||||1| spa d
080 _a241.623
100 1 _aBlázquez, Feliciano.
_929438
245 1 0 _aMarido y mujer meditan /
_cFeliciano Blázquez.
260 _aMadrid :
_bAlameda,
_c[1967]
300 _a114 p. ;
_c22 cm.
650 4 _aMeditaciones.
_914983
852 4 _aES-MaACL
_jC-32409
999 _c34560
_d34560